Littérature par lettre - L - Statistiques

Statistiques générales
  • Ce quiz a été pris 175 fois
  • Le résultat moyen est 11 sur 20
Statistiques - réponses
Questions Réponses % Correct
Quel livre, écrit en 1894 par Rudyard Kipling a pour personnages principaux Mowgli et Baloo ? Le Livre de la jungle
99%
Quel est le plus gentleman des cambrioleurs ? Arsène Lupin
89%
Quel poème de celui-ci a pour titre une vaste étendue d'eau ? Le Lac
83%
Quelle aristocrate et écrivaine française du XVIIème siècle a écrit "La Princesse de Clèves" ? Madame de La Fayette
67%
Quel écrivain romantique est l'un des proclamateurs de la IIème République en France ? Alphonse de Lamartine
65%
Quel écrivain français du XVIIIème siècle a écrit "Les Liaisons dangereuses" ? Pierre Choderlos de Laclos
64%
Quel est le prénom du père de Drago Malfoy dans "Harry Potter" ? Lucius
62%
Quel écrivain américain a écrit "Croc Blanc" ou encore "L'Appel de la forêt" ? Jack London
60%
Quel roman de Stephen King se déroule dans les années 1930 aux Etats-Unis et relate l'histoire de John Coffey, un prisonnier innocent mais condamné ? La Ligne Verte
60%
Quel série de bandes dessinées pour la jeunesse relate l'histoire d'une jeune fille d'un prénom de 3 lettres ? Lou !
60%
Quel officier français du XVIIIème est resté célèbre pour avoir inventé les paroles de "La Marseillaise", hymne national français ? Rouget de Lisle
60%
Quel personnage d'"Harry Potter" est selon Harry, bien trop ouverte d'esprit ? Luna Lovegood
53%
Quel roman de James Dashner met en scène Thomas, entouré d'adolescents dans un lieu étrange, à l'ombre de murs infranchissables ? Le Labyrinthe
46%
Quel écrivain français, grand ami de Montaigne, a écrit "Le Discours de la servitude volontaire" ? Etienne de La Boétie
44%
En 1905, quel écrivain a inventé cet homme ? Maurice Leblanc
44%
Quel personnage d'"Harry Potter", est rondouillet et secrètement amoureux de la réponse à la question 6 ? Neville Londubat
42%
Quel romancier contemporain français a notamment écrit "Et si c'était vrai..." ? Marc Levy
36%
Quel personnage de Marguerite Duras connaît un Ravissement ? Lol V Stein
28%
Quelle femme de lettres surnommée "La Grande Cordière" est une des principales figures de l'Ecole de Lyon au XVIème siècle ? Louise Labé
25%
Quel écrivain et moraliste français a écrit "Maximes et réflexions diverses" ? François de La Rochefoucauld
15%
Aucun quiz correspondant
Distribution des résultats
% des personnes avec chaque résultat
Percentile par nombre de réponses
Votre historique - résultats
Vous n’avez pas pris ce quiz